Statistiche per Allenatori nell'Hall of Fame del calcio italiano

Clicka qui per fare il quiz!

Statistiche generali

  • Questo quiz è stato fatto 65 volte
  • Il punteggio medio è 9 su 12

Statistiche sulle risposte

AnnoNazioneSquadre allenateAllenatore% Corretto
2014ItaliaReggiana / Parma / Juventus / Milan / Chelsea / Paris Saint-Germain / Real Madrid / Bayern Monaco / Napoli / Everton / Real MadridCarlo Ancelotti
96%
2015ItaliaFiorentina / Lazio / Inter / Manchester City / Galatasaray / Inter / Zenit San Pietroburgo / Italia / Arabia SauditaRoberto Mancini
96%
2018ItaliaAglianese / SPAL / Grosseto / Lecco / Sassuolo / Cagliari / Milan / JuventusMassimiliano Allegri
93%
2021ItaliaArezzo / Bari / Atalanta / Siena / Juventus / Italia / Chelsea / Inter / TottenhamAntonio Conte
91%
2011ItaliaSampdoria / Pontedera / Siena / Pistoiese / Carrarese / Cesena / Lucchese / Atalanta / Napoli / Juventus / Inter / Juventus / Italia / Guangzhou Evergrande / CinaMarcello Lippi
89%
2016ItaliaVigor Lamezia / Campania Puteolana / Cagliari / Napoli / Fiorentina / Valencia / Atletico Madrid / Chelsea / Parma / Juventus / Roma / Inter / Monaco / Grecia / Leicester City / Nantes / Fulham / Roma / Sampdoria / WatfordClaudio Ranieri
88%
2013ItaliaMilan / Real Madrid / Milan / Roma / Juventus / Real Madrid / Inghilterra / Russia / Jiangsu SuningFabio Capello
82%
2022PortogalloBenfica / União Leiria / Porto / Chelsea / Inter / Real Madrid / Manchester United / Tottenham / RomaJosé Mourinho
82%
2012ItaliaMilan / Juventus / Inter / Bayern Monaco / Cagliari / Fiorentina / Italia / Benfica / Stoccarda / Salisburgo / IrlandaGiovanni Trapattoni
71%
2011ItaliaFusignano / Alfonsine / Bellaria / Rimini / Parma / Milan / Italia / Atletico Madrid / ParmaArrigo Sacchi
66%
2019ItaliaAscoli / Fiorentina / Catanzaro / Ascoli / Bologna / Lecce / Pescara / Cagliari / Roma / Napoli / Perugia / Brescia / LivornoCarlo Mazzone
45%
2017ItaliaSolbiatese / Como / Rimini / Fano / Cesena / Hellas Verona / Genoa / InterOsvaldo Bagnoli
13%

Distribuzione punteggi

Percentile per numero di risposta

Percentuale di utenti per punteggio

I tuoi punteggi nel tempo

Non hai fatto questo quiz